| 000 | 00740nac a22002291u 4500 | ||
|---|---|---|---|
| 010 | _a 85013892 | ||
| 020 | _a0801612349 (pbk.) | ||
| 082 | 0 | 0 |
_a306.483 _bCOA |
| 090 |
_c7472 _d7472 |
||
| 100 | _aCoakley, Jay J. | ||
| 245 | 1 | 0 |
_aSport in society : _bissues and controversies / _cJay J. Coakley. |
| 250 | _a3rd ed. | ||
| 260 |
_aSt. Louis : _bTimes Mirror/Mosby College Pub.,1986 _c1986. |
||
| 300 |
_axiv, 375 p. : _bill. ; _c24 cm. |
||
| 500 | _adistributer: Al-Ahram | ||
| 504 | _aBibliography: p. 345-359. | ||
| 504 | _aIncludes index. | ||
| 511 | _acatalogued by: wessam | ||
| 650 | 0 |
_aSports _xSocial aspects. |
|
| 650 | 0 |
_aSports _xPsychological aspects. |
|
| 942 |
_cBB _k306.483COA |
||
| 999 |
_c7472 _d7472 |
||